000 00354 a2200157 4500
001 177852
020 _a
040 _cMagnum
100 _aInfante, Ulisses
240 1 0 _aTextos: leituras e escritas/v.2
_lpor
245 1 0 _aTextos: leituras e escritas/v.2
362 0 _a1899
440 1 _aScipione
697 _aMAGNITO: PARADIDATICO
942 _cBK
999 _c177852
_d177852